skbl

Dr Suryya Kumar Bhuyan Library Web-OPAC
ডঃ সূৰ্য্য
কুমাৰ ভূঞা পুথিভঁৰাল ৱেব-অ'পেক

All Research Scholars are advised to clear the annual library fees to continue using Library Resources, Remote Access, Plagiarism Test and Library Clearance.

Cotton University Book Fair 2026

Induatrail Chemistry: Organic & Inorganic / : (Record no. 5376)

MARC details
000 -LEADER
fixed length control field 00606nam a2200193Ia 4500
001 - CONTROL NUMBER
control field 5389
008 - FIXED-LENGTH DATA ELEMENTS--GENERAL INFORMATION
fixed length control field 150302s1982 ii g b000 u 465 u
082 ## - DEWEY DECIMAL CLASSIFICATION NUMBER
Classification number 661
100 ## - MAIN ENTRY--PERSONAL NAME
Personal name Das, R.K. .
245 #0 - TITLE STATEMENT
Title Induatrail Chemistry: Organic & Inorganic / :
Remainder of title Part 2 /
Statement of responsibility, etc. R.K. Das.
Medium Textual Documents
250 ## - EDITION STATEMENT
Edition statement 1st ed. /
260 ## - PUBLICATION, DISTRIBUTION, ETC.
Place of publication, distribution, etc. New Delhi :
Name of publisher, distributor, etc. Kalyani Publisher ,
Date of publication, distribution, etc. 1982.
300 ## - PHYSICAL DESCRIPTION
Extent xiii, 403p. ;
Dimensions 22cm.
504 ## - BIBLIOGRAPHY, ETC. NOTE
Bibliography, etc. note Index
653 ## - INDEX TERM--UNCONTROLLED
Uncontrolled term Induatrail Chemistry
653 ## - INDEX TERM--UNCONTROLLED
Uncontrolled term G - Che
856 ## - ELECTRONIC LOCATION AND ACCESS
Uniform Resource Identifier <a href="Acc no 78287 ,Induatrail Chemistry: Organic & Inorganic Shifted From PG Sec to General Sec">Acc no 78287 ,Induatrail Chemistry: Organic & Inorganic Shifted From PG Sec to General Sec</a>
942 ## - ADDED ENTRY ELEMENTS (KOHA)
Source of classification or shelving scheme Dewey Decimal Classification
Koha item type Books
Holdings
Withdrawn status Lost status Damaged status Not for loan Collection Home library Current library Shelving location Date acquired Coded location qualifier Cost, normal purchase price Total checkouts Full call number Barcode Date last seen Copy number Price effective from Koha item type
          Dr. Suryya Kumar Bhuyan Library Dr. Suryya Kumar Bhuyan Library   01/02/2012 00000 36.00   661 D 26 In 78287 13/01/2024 1 01/02/2012 Books

Designed and Maintained by Team SKBL
©1901-2026

Powered by Koha